000 00857nam a22002537a 4500
005 20170123162335.0
010 _aA-645478
020 _c60.00
035 _aA-645478
037 _bCen Lib/Ret
040 _aDPL
_bUR
082 _a841.08
_bم ح م
100 _aمحمّد عقیل رضوی
_9376
245 _aمرثیے کی سماجیات /
_cمحمّد عقیل رضوی
246 _aMersiye ki samajiyat /
_bby Mohammad Aquil Rizvi
260 _aالہآباد
_bنصرت پبلیکیشنز
_c1993
270 _bالہآباد
_aامینآباد
_e226018
300 _a208p.
_c21cm(Hb)
650 _a ادب - اردو
_9123941
650 _a اردو شاعری - تنقید
_9107857
650 _aLiterature -- Urdu
_9123942
650 _aUrdu poetry -- Criticism
_9107865
942 _2ddc
_cUR
_h841.08
_mم ح م
999 _c108110
_d108110